[Event "DVM U16 2024"]
[Site "Sebnitz GER"]
[Date "2024.12.28"]
[Round "3"]
[White "Malinowsky, Levi"]
[Black "Vollbehr, Bjarne"]
[Result "0-1"]
[Termination "normal"]
[Board "2.1"]
[WhiteTitle "CM"]
[WhiteElo "2190"]
[BlackElo "2075"]
[WhiteTeam "Lübecker SV 1873"]
[BlackTeam "SK Doppelbauer Kiel 1910"]
[PlyCount "62"]
[WhiteFideId "16253094"]
[BlackFideId "34606025"]
[EventCountry "GER"]
[EventRounds "7"]
[EventType "team-swiss"]
[EventDate "2024.12.26"]

1. e4 e5 2. Nf3 Nc6 3. Bb5 a6 4. Ba4 Bc5 5. O-O Nge7 6. Nxe5 Nxe5 7. d4 b5 8.
Bb3 Bxd4 9. Qxd4 d6 10. f4 c5 11. Qc3 N5g6 12. a4 c4 13. Ba2 O-O 14. Be3 Bb7
15. Nd2 f6 16. b3 d5 17. bxc4 dxc4 18. Rab1 Bc6 19. Bd4 Qc7 20. g3 Rad8 21.
Rbe1 Nc8 22. h4 Qd7 23. Nf3 Nd6 24. Kh2 Nxe4 25. Qe3 Qg4 26. Qg1 Ne7 27. c3 Nf5
28. Bb1 Nexg3 29. Rf2 Qxf4 30. Bxf5 Nxf5+ 31. Kh3 Bxf3 0-1

[Event "DVM U16 2024"]
[Site "Sebnitz GER"]
[Date "2024.12.28"]
[Round "3"]
[White "Bräutigam, Alexander"]
[Black "Sommer, Justus"]
[Result "1-0"]
[Termination "normal"]
[Board "2.2"]
[WhiteElo "2054"]
[BlackElo "2128"]
[WhiteTeam "SK Doppelbauer Kiel 1910"]
[BlackTeam "Lübecker SV 1873"]
[PlyCount "79"]
[WhiteFideId "16245210"]
[BlackFideId "16245008"]
[EventCountry "GER"]
[EventRounds "7"]
[EventType "team-swiss"]
[EventDate "2024.12.26"]

1. d4 d5 2. c4 dxc4 3. e3 e6 4. Bxc4 Nf6 5. Nf3 a6 6. O-O c5 7. a4 Nc6 8. Nc3
Be7 9. dxc5 Bxc5 10. Qxd8+ Kxd8 11. e4 Nd7 12. Rd1 Ke7 13. Bf4 e5 14. Nd5+ Kf8
15. Be3 Bxe3 16. Nxe3 f6 17. Rac1 Nb6 18. Bb3 Ke8 19. Rc5 a5 20. Nd5 Nxd5 21.
exd5 Nb4 22. Rc7 Bd7 23. Rxb7 Kd8 24. Rc1 Na6 25. d6 Rc8 26. Rxc8+ Kxc8 27. Ra7
Nb8 28. Rxa5 Bc6 29. Be6+ Bd7 30. Bd5 Bf5 31. Ra7 g5 32. a5 Kd8 33. Nd2 Re8 34.
Nc4 e4 35. Nb6 e3 36. fxe3 Rxe3 37. Ra8 Bc8 38. Rxb8 Re1+ 39. Kf2 Rc1 40. Rxc8+
1-0

[Event "DVM U16 2024"]
[Site "Sebnitz GER"]
[Date "2024.12.28"]
[Round "3"]
[White "Engels, Ruben"]
[Black "Bräutigam, Katerina"]
[Result "0-1"]
[Termination "normal"]
[Board "2.3"]
[BlackTitle "WFM"]
[WhiteElo "1902"]
[BlackElo "1947"]
[WhiteTeam "Lübecker SV 1873"]
[BlackTeam "SK Doppelbauer Kiel 1910"]
[PlyCount "120"]
[WhiteFideId "34612939"]
[BlackFideId "16242980"]
[EventCountry "GER"]
[EventRounds "7"]
[EventType "team-swiss"]
[EventDate "2024.12.26"]

1. d4 Nf6 2. c4 g6 3. Nc3 Bg7 4. e4 d6 5. f3 O-O 6. Nge2 e5 7. d5 Nbd7 8. Be3
a5 9. g4 Nc5 10. Ng3 Nfd7 11. b3 Re8 12. Qd2 Bf8 13. h4 Be7 14. Qh2 Nb8 15. g5
Bf8 16. h5 Qe7 17. hxg6 fxg6 18. Bxc5 dxc5 19. d6 Qg7 20. Nd5 cxd6 21. Nf6+ Kf7
22. Nxe8 Kxe8 23. Qxh7 a4 24. Qxg7 Bxg7 25. Rd1 Bf8 26. Rh8 Kf7 27. Rh7+ Ke8
28. Bd3 Nc6 29. Ne2 axb3 30. axb3 Ra3 31. Rb1 Nb4 32. Kd2 Be7 33. Rh8+ Kd7 34.
Rg8 Bxg5+ 35. Kc3 Be3 36. Nc1 Bxc1 37. Rxc1 Na2+ 38. Kb2 Nxc1 39. Kxa3 Nxd3 40.
Rxg6 Kc6 41. Rg3 Be6 42. Rg6 Bf7 43. Rg3 b5 44. cxb5+ Kxb5 45. Rg1 Bh5 46. Rd1
Nf4 47. Rxd6 Bxf3 48. Rd8 Bxe4 49. Re8 Nd3 50. Re6 Bf3 51. Re8 e4 52. Re7 Kc6
53. Ka2 Kd5 54. Kb1 Bd1 55. b4 cxb4 56. Rd7+ Ke5 57. Re7+ Kd4 58. Rd7+ Ke3 59.
Re7 Kf3 60. Rf7+ Ke2 0-1

[Event "DVM U16 2024"]
[Site "Sebnitz GER"]
[Date "2024.12.28"]
[Round "3"]
[White "Farokhi, Darian"]
[Black "Hellenbroich, Hanno"]
[Result "1/2-1/2"]
[Termination "normal"]
[Board "2.4"]
[WhiteElo "1858"]
[BlackElo "1771"]
[WhiteTeam "SK Doppelbauer Kiel 1910"]
[BlackTeam "Lübecker SV 1873"]
[PlyCount "89"]
[WhiteFideId "16253108"]
[BlackFideId "16270762"]
[EventCountry "GER"]
[EventRounds "7"]
[EventType "team-swiss"]
[EventDate "2024.12.26"]

1. e4 c5 2. Nf3 d6 3. Bb5+ Bd7 4. Bxd7+ Qxd7 5. O-O Nf6 6. Re1 Nc6 7. c3 e6 8.
d4 cxd4 9. cxd4 d5 10. e5 Ne4 11. Nbd2 Nxd2 12. Bxd2 Rc8 13. Rc1 Be7 14. Rc3
O-O 15. a3 Qc7 16. Rd3 Qb6 17. Bc3 Na5 18. h4 Nc4 19. Qe2 Rc7 20. h5 Rfc8 21.
Nh2 Nxa3 22. Rg3 Nb5 23. Qg4 g6 24. hxg6 fxg6 25. Ree3 Nxc3 26. bxc3 a5 27. f4
a4 28. f5 Qb1+ 29. Nf1 exf5 30. Qf3 Rd8 31. Rd3 Kg7 32. Rd1 Qe4 33. Qf2 Bh4 34.
Qa2 Bxg3 35. Nxg3 Qe3+ 36. Kh2 Rxc3 37. Nf1 Ra3 38. Qb2 Qb3 39. Qc1 Qc3 40. Qg5
Qc7 41. Rc1 Qd7 42. Qf6+ Kg8 43. e6 Qd6+ 44. Kh1 Rf8 45. Rc8 1/2-1/2

[Event "DVM U16 2024"]
[Site "Sebnitz GER"]
[Date "2024.12.28"]
[Round "3"]
[White "Trunz, Michelle"]
[Black "Korchynskyi, Mykola"]
[Result "1/2-1/2"]
[Termination "normal"]
[Board "3.1"]
[BlackTitle "FM"]
[WhiteElo "2115"]
[BlackElo "2284"]
[WhiteTeam "SG Porz"]
[BlackTeam "SF Essen-Katernberg 04/32"]
[PlyCount "104"]
[WhiteFideId "16227980"]
[BlackFideId "34138005"]
[EventCountry "GER"]
[EventRounds "7"]
[EventType "team-swiss"]
[EventDate "2024.12.26"]

1. d4 Nf6 2. c4 e6 3. Nf3 Bb4+ 4. Bd2 Bxd2+ 5. Qxd2 d5 6. e3 O-O 7. Nc3 b6 8.
cxd5 exd5 9. Be2 Bb7 10. O-O Nbd7 11. Qc2 Qe7 12. Rac1 c5 13. dxc5 bxc5 14.
Rfd1 Rfd8 15. Qb3 Rdb8 16. Qa3 Qe6 17. Na4 Ne4 18. Bb5 Bc6 19. Bxc6 Qxc6 20.
Nd2 Nxd2 21. Rxd2 c4 22. Nc3 Nf6 23. Rcd1 h6 24. Nxd5 Nxd5 25. Rxd5 Qf6 26.
R5d4 Rb7 27. R1d2 Rab8 28. h3 Qg6 29. Rd8+ Rxd8 30. Rxd8+ Kh7 31. Qf8 Qb1+ 32.
Kh2 Qe4 33. Qg8+ Kg6 34. Rd6+ f6 35. Rd4 Qe5+ 36. g3 h5 37. Rd5 Qe4 38. g4 Rxb2
39. gxh5+ Kh6 40. Kg3 Rb1 41. Qh8+ Qh7 42. Qc8 Qe4 43. f3 Rg1+ 44. Kh2 Qxd5 45.
Qh8+ Kg5 46. Qxg7+ Kh4 47. Qxg1 Kxh5 48. Qg7 Qxf3 49. Qh7+ Kg5 50. Qg8+ Kh5 51.
Qh7+ Kg5 52. Qg8+ Kh5 1/2-1/2

[Event "DVM U16 2024"]
[Site "Sebnitz GER"]
[Date "2024.12.28"]
[Round "3"]
[White "Goldkuhle, Collin"]
[Black "Holzwarth, Felix"]
[Result "1-0"]
[Termination "normal"]
[Board "3.2"]
[WhiteElo "1970"]
[BlackElo "1954"]
[WhiteTeam "SF Essen-Katernberg 04/32"]
[BlackTeam "SG Porz"]
[PlyCount "59"]
[WhiteFideId "16271106"]
[BlackFideId "34621377"]
[EventCountry "GER"]
[EventRounds "7"]
[EventType "team-swiss"]
[EventDate "2024.12.26"]

1. e4 e5 2. Nf3 Nc6 3. Bb5 a6 4. Ba4 Nf6 5. d4 exd4 6. O-O Be7 7. e5 Ne4 8.
Nxd4 O-O 9. Nf5 d5 10. Nxe7+ Nxe7 11. Nd2 Ng6 12. f4 Nc5 13. Bb3 f6 14. Nf3
Nxb3 15. axb3 fxe5 16. Nxe5 Nxe5 17. fxe5 Rxf1+ 18. Qxf1 Qe7 19. Qe2 Bf5 20. c3
Rf8 21. Bf4 Qe6 22. Bg3 Qb6+ 23. Kh1 Qxb3 24. e6 Qc4 25. Qe5 Be4 26. Rg1 Qe2
27. Bf4 Bxg2+ 28. Rxg2 Qf1+ 29. Rg1 Qxf4 30. Qxg7# 1-0

[Event "DVM U16 2024"]
[Site "Sebnitz GER"]
[Date "2024.12.28"]
[Round "3"]
[White "Trunz, Tamila"]
[Black "Berresheim, Nils"]
[Result "1-0"]
[Termination "normal"]
[Board "3.3"]
[WhiteElo "1940"]
[BlackElo "1893"]
[WhiteTeam "SG Porz"]
[BlackTeam "SF Essen-Katernberg 04/32"]
[PlyCount "83"]
[WhiteFideId "16267885"]
[BlackFideId "16246306"]
[EventCountry "GER"]
[EventRounds "7"]
[EventType "team-swiss"]
[EventDate "2024.12.26"]

1. e4 c5 2. Nf3 e6 3. d4 cxd4 4. Nxd4 a6 5. Nc3 b5 6. a3 Bb7 7. Bd3 Nf6 8. Bg5
Be7 9. Qe2 d6 10. f4 Nbd7 11. O-O-O Nc5 12. e5 dxe5 13. Nxe6 Nxe6 14. Bxb5+
axb5 15. Rxd8+ Rxd8 16. Qxb5+ Rd7 17. Rd1 Nd4 18. Qxe5 Nc6 19. Qb5 Rxd1+ 20.
Kxd1 Ba8 21. Bxf6 Bxf6 22. Nd5 O-O 23. Nxf6+ gxf6 24. b4 Rd8+ 25. Kc1 Kg7 26.
Qh5 Nd4 27. b5 Be4 28. c3 Nb3+ 29. Kb2 Na5 30. a4 Bd5 31. Ka3 Nc4+ 32. Kb4 Nb2
33. Qe2 Nc4 34. Qe7 Ra8 35. Qc5 Be6 36. Qc6 Rc8 37. Qxc8 Bxc8 38. Kxc4 Kf8 39.
Kc5 Ke7 40. Kb6 Kd8 41. a5 Bf5 42. Ka7 1-0

[Event "DVM U16 2024"]
[Site "Sebnitz GER"]
[Date "2024.12.28"]
[Round "3"]
[White "Lüersen, Lukas"]
[Black "Aravindan, Midhulan"]
[Result "1/2-1/2"]
[Termination "normal"]
[Board "3.4"]
[WhiteElo "1815"]
[BlackElo "1887"]
[WhiteTeam "SF Essen-Katernberg 04/32"]
[BlackTeam "SG Porz"]
[PlyCount "118"]
[WhiteFideId "34628371"]
[BlackFideId "16237250"]
[EventCountry "GER"]
[EventRounds "7"]
[EventType "team-swiss"]
[EventDate "2024.12.26"]

1. e4 e6 2. d4 d5 3. Nd2 Nc6 4. Ngf3 Nf6 5. e5 Nd7 6. Nb3 a5 7. a4 b6 8. h4 Be7
9. h5 h6 10. Bf4 Na7 11. Rh3 c5 12. Rg3 Bf8 13. c3 c4 14. Nbd2 b5 15. axb5 Nxb5
16. Qc2 Qc7 17. Nh2 Nb6 18. b3 Bd7 19. bxc4 Na3 20. Rxa3 Bxa3 21. Rxg7 Ba4 22.
Qa2 Bf8 23. Rg3 Bc6 24. Ng4 dxc4 25. Nf6+ Kd8 26. Nxc4 Nd5 27. Bd2 Nxf6 28.
exf6 Bd5 29. Qa4 Bc6 30. Qa2 a4 31. Ne3 Rb8 32. Bc4 a3 33. Bc1 Be4 34. Bxa3 Ra8
35. Be7+ Bxe7 36. fxe7+ Kxe7 37. Qd2 Ra1+ 38. Ke2 Rb8 39. Rg4 Bf5 40. Nxf5+
exf5 41. Qe3+ Kd7 42. Be6+ Kc6 43. d5+ Kb7 44. Rb4+ Ka8 45. Rxb8+ Kxb8 46. Bxf5
Qc4+ 47. Kf3 Qxd5+ 48. Be4 Qxh5+ 49. Kg3 Qe5+ 50. Qf4 Qxf4+ 51. Kxf4 Rc1 52. g4
Rxc3 53. Kf5 Kc7 54. Kf6 Kd6 55. Kxf7 Ke5 56. f3 Rb3 57. Kg6 Rb6+ 58. Kh5 Kf4
59. Kh4 Ra6 1/2-1/2

[Event "DVM U16 2024"]
[Site "Sebnitz GER"]
[Date "2024.12.28"]
[Round "3"]
[White "Geist, Tim"]
[Black "Nunez Grégoire, Daniel"]
[Result "1-0"]
[Termination "normal"]
[Board "4.1"]
[WhiteElo "2011"]
[BlackElo "2041"]
[WhiteTeam "SV Isental"]
[BlackTeam "Stuttgarter SF 1879"]
[PlyCount "75"]
[WhiteFideId "34604324"]
[BlackFideId "34627103"]
[EventCountry "GER"]
[EventRounds "7"]
[EventType "team-swiss"]
[EventDate "2024.12.26"]

1. e4 e5 2. Nf3 Nc6 3. d4 exd4 4. Bc4 Nf6 5. O-O Nxe4 6. Re1 d5 7. Bxd5 Qxd5 8.
Nc3 Qd8 9. Nxe4 Be7 10. Bg5 O-O 11. Bxe7 Qxe7 12. Nxd4 Nxd4 13. Qxd4 b6 14. Ng3
Be6 15. Nh5 Qg5 16. Re5 Qg4 17. Qe3 h6 18. h3 Qg6 19. Qc3 c5 20. Rae1 Kh8 21.
R1e3 Qh7 22. Nxg7 Qxg7 23. Rg3 Rg8 24. Rxg7 Rxg7 25. Rh5 Kh7 26. Qe3 Rg6 27.
Kh2 Rag8 28. g4 Bxa2 29. f4 Re6 30. Qd3+ Kg7 31. f5 Re7 32. Qd2 f6 33. Qxh6+
Kf7 34. Qd2 Bc4 35. Kg3 Rge8 36. Rh7+ Kg8 37. Rxe7 Rxe7 38. Qc3 1-0

[Event "DVM U16 2024"]
[Site "Sebnitz GER"]
[Date "2024.12.28"]
[Round "3"]
[White "Gotfried, Elias"]
[Black "Navarro Jahnke, Leo"]
[Result "0-1"]
[Termination "normal"]
[Board "4.2"]
[WhiteElo "1968"]
[BlackElo "2001"]
[WhiteTeam "Stuttgarter SF 1879"]
[BlackTeam "SV Isental"]
[PlyCount "94"]
[WhiteFideId "34630171"]
[BlackFideId "16234146"]
[EventCountry "GER"]
[EventRounds "7"]
[EventType "team-swiss"]
[EventDate "2024.12.26"]

1. e4 c5 2. Nc3 d6 3. g3 Nc6 4. Bg2 g6 5. d3 Bg7 6. f4 e6 7. Nf3 Nge7 8. Be3
Rb8 9. d4 cxd4 10. Nxd4 O-O 11. O-O Qb6 12. Na4 Bxd4 13. Nxb6 Bxe3+ 14. Kh1
Bxb6 15. Qxd6 Bd4 16. c3 Rd8 17. Qxd8+ Nxd8 18. cxd4 Bd7 19. d5 exd5 20. exd5
Nf5 21. Rfe1 Kf8 22. Rac1 Rc8 23. Rxc8 Bxc8 24. Kg1 f6 25. Kf2 Nf7 26. g4 Ne7
27. h3 Ke8 28. Ke3 Kd7 29. Kd4 Kd6 30. Re3 h5 31. Bf3 Nh6 32. Ra3 hxg4 33. hxg4
Nxg4 34. Bxg4 Bxg4 35. Rxa7 Bc8 36. Ra5 Be6 37. Rb5 Bxd5 38. a4 Bc6 39. Rb3 Nd5
40. f5 g5 41. Rd3 Bxa4 42. Kc4 Bc6 43. b4 b5+ 44. Kb3 Bd7 45. Rf3 Ke5 46. Rf2
Bxf5 47. Re2+ Be4 0-1

[Event "DVM U16 2024"]
[Site "Sebnitz GER"]
[Date "2024.12.28"]
[Round "3"]
[White "Geist, Denis"]
[Black "Goldinov, Daniel"]
[Result "0-1"]
[Termination "normal"]
[Board "4.3"]
[WhiteElo "1935"]
[BlackElo "1925"]
[WhiteTeam "SV Isental"]
[BlackTeam "Stuttgarter SF 1879"]
[PlyCount "79"]
[WhiteFideId "34605100"]
[BlackFideId "34605649"]
[EventCountry "GER"]
[EventRounds "7"]
[EventType "team-swiss"]
[EventDate "2024.12.26"]

1. e4 c5 2. Nf3 e6 3. d4 cxd4 4. Nxd4 Nc6 5. Nc3 Qc7 6. Be3 a6 7. Qd2 Nf6 8.
O-O-O Be7 9. f3 O-O 10. g4 Nxd4 11. Bxd4 b5 12. e5 Ne8 13. g5 Bb7 14. Ne4 Bxe4
15. fxe4 Rc8 16. Bd3 d6 17. Qf4 dxe5 18. Bxe5 Qc5 19. Rhg1 Bd6 20. Bxd6 Nxd6
21. b3 e5 22. Qd2 Rfd8 23. Qe1 Ne8 24. Kb1 Nc7 25. h4 Ne6 26. Rg2 Nf4 27. Rh2
Rd4 28. Rhd2 Rcd8 29. Qe3 Qc3 30. Qg3 a5 31. Qe1 a4 32. Rf2 Qc7 33. Rf3 b4 34.
Kb2 Qa7 35. Qe3 axb3 36. cxb3 Qa3+ 37. Kb1 Rxd3 38. Rxd3 Rxd3 39. Qb6 Rd1+ 40.
Kc2 0-1

[Event "DVM U16 2024"]
[Site "Sebnitz GER"]
[Date "2024.12.28"]
[Round "3"]
[White "Babaian, Bagrat"]
[Black "Ruhland, Nico"]
[Result "1-0"]
[Termination "normal"]
[Board "4.4"]
[WhiteElo "1763"]
[BlackElo "1618"]
[WhiteTeam "Stuttgarter SF 1879"]
[BlackTeam "SV Isental"]
[PlyCount "55"]
[WhiteFideId "34107428"]
[BlackFideId "34646345"]
[EventCountry "GER"]
[EventRounds "7"]
[EventType "team-swiss"]
[EventDate "2024.12.26"]

1. d4 d5 2. c4 c6 3. cxd5 cxd5 4. Bg5 Qc7 5. Nc3 e6 6. e3 Be7 7. Bxe7 Qxe7 8.
Bd3 Nf6 9. Nge2 Nc6 10. O-O O-O 11. a3 a6 12. Rc1 Bd7 13. Na4 b5 14. Nc5 Rfc8
15. b4 Nd8 16. Nc3 Bc6 17. a4 Rcb8 18. Qe2 bxa4 19. Nxa6 Rb6 20. b5 Be8 21. Qc2
Rc8 22. Qa2 a3 23. Qb3 Nb7 24. Na4 Rxc1 25. Rxc1 Na5 26. Qc3 Rxa6 27. bxa6 Bxa4
28. Qxa5 1-0

[Event "DVM U16 2024"]
[Site "Sebnitz GER"]
[Date "2024.12.28"]
[Round "3"]
[White "Fruth, David"]
[Black "Möller, Maurin"]
[Result "1-0"]
[Termination "normal"]
[Board "5.1"]
[WhiteElo "2132"]
[BlackElo "2233"]
[WhiteTeam "USV TU Dresden"]
[BlackTeam "SK Blauer Springer Paderborn 1926"]
[PlyCount "79"]
[WhiteFideId "16257596"]
[BlackFideId "16265696"]
[EventCountry "GER"]
[EventRounds "7"]
[EventType "team-swiss"]
[EventDate "2024.12.26"]

1. e4 c5 2. Nf3 e6 3. d4 cxd4 4. Nxd4 Nf6 5. Nc3 d6 6. g4 e5 7. Nf5 g6 8. Ne3
Nc6 9. g5 Nh5 10. Ned5 Bg7 11. Nb5 O-O 12. c3 Nf4 13. Nxf4 exf4 14. Bxf4 Qe7
15. Qf3 Bg4 16. Qe3 Ne5 17. Be2 Bxe2 18. Qxe2 d5 19. O-O-O a6 20. Nd4 Nc4 21.
exd5 Qc5 22. Nb3 Qb5 23. d6 Qa4 24. Bg3 Rae8 25. Qd3 Rc8 26. Kb1 Qd7 27. Rhe1
b5 28. Re7 Qd8 29. Qe2 Qb6 30. d7 Rcd8 31. Re8 Qc6 32. Rxd8 Rxd8 33. Qe7 Qb6
34. Qxd8+ Qxd8 35. Bc7 Qxc7 36. d8=Q+ Qxd8 37. Rxd8+ Bf8 38. Nc5 Kg7 39. Nxa6
Be7 40. Rd5 1-0

[Event "DVM U16 2024"]
[Site "Sebnitz GER"]
[Date "2024.12.28"]
[Round "3"]
[White "Weeke, Tom"]
[Black "Marynychenko, Yehor"]
[Result "1/2-1/2"]
[Termination "normal"]
[Board "5.2"]
[WhiteElo "1785"]
[BlackElo "2063"]
[WhiteTeam "SK Blauer Springer Paderborn 1926"]
[BlackTeam "USV TU Dresden"]
[PlyCount "78"]
[WhiteFideId "34607080"]
[BlackFideId "34160558"]
[EventCountry "GER"]
[EventRounds "7"]
[EventType "team-swiss"]
[EventDate "2024.12.26"]

1. e4 c5 2. Nf3 Nc6 3. d4 cxd4 4. Nxd4 Nf6 5. Nc3 e6 6. Ndb5 Bb4 7. a3 Bxc3+ 8.
Nxc3 d5 9. exd5 exd5 10. Bd3 O-O 11. O-O Bg4 12. f3 Bh5 13. Bg5 Ne7 14. Kh1 Qd6
15. Qd2 a6 16. Rae1 Rfe8 17. Re2 d4 18. Rfe1 Kf8 19. Bxf6 Qxf6 20. Ne4 Qb6 21.
Ng5 Bg6 22. Bxg6 Qxg6 23. Qf4 Nf5 24. Rxe8+ Rxe8 25. Rxe8+ Kxe8 26. Qb8+ Ke7
27. Qxb7+ Ke8 28. Ne4 Qe6 29. Qb8+ Ke7 30. Qc7+ Qd7 31. Qxd7+ Kxd7 32. Nc5+ Kc6
33. Nxa6 Kb5 34. Nb4 Kc4 35. Kg1 Ne3 36. g4 Nd1 37. Nd3 f6 38. h4 Ne3 39. Nb4
Nd1 1/2-1/2

[Event "DVM U16 2024"]
[Site "Sebnitz GER"]
[Date "2024.12.28"]
[Round "3"]
[White "Ellinger, Maximilian"]
[Black "Rogalski, Niclas"]
[Result "1-0"]
[Termination "normal"]
[Board "5.3"]
[WhiteElo "1996"]
[BlackElo "1666"]
[WhiteTeam "USV TU Dresden"]
[BlackTeam "SK Blauer Springer Paderborn 1926"]
[PlyCount "107"]
[WhiteFideId "34631003"]
[BlackFideId "34640320"]
[EventCountry "GER"]
[EventRounds "7"]
[EventType "team-swiss"]
[EventDate "2024.12.26"]

1. e4 c6 2. d4 d5 3. f3 dxe4 4. fxe4 e5 5. Nf3 Bg4 6. Bc4 Nd7 7. O-O Ngf6 8. c3
Bd6 9. Bg5 h6 10. Bh4 g5 11. Bg3 Qe7 12. Nbd2 O-O 13. Qe1 Nh5 14. Bf2 Nf4 15.
Be3 Kh7 16. Qf2 Bh5 17. Kh1 Bg6 18. Bxf4 gxf4 19. Rae1 Rae8 20. Bd3 b5 21. a3
a6 22. b4 Nf6 23. Qh4 Nh5 24. Qxe7 Rxe7 25. dxe5 Bxe5 26. Nxe5 Rxe5 27. Nf3 Re7
28. Nd4 Rfe8 29. Re2 Nf6 30. Rfe1 Ng4 31. a4 Ne3 32. Nxc6 Rc7 33. axb5 axb5 34.
Bxb5 Bxe4 35. Nd4 Rg8 36. Rxe3 fxe3 37. Rxe3 Bxg2+ 38. Kg1 Bd5+ 39. Kf1 Bc4+
40. Bxc4 Rxc4 41. Ke2 Rgc8 42. Kd2 Kg6 43. Rf3 f6 44. Rg3+ Kh7 45. h3 Rg8 46.
Rxg8 Kxg8 47. Kd3 Rc7 48. c4 Kf7 49. b5 Ke7 50. b6 Rb7 51. c5 f5 52. Kc4 Kf6
53. Kb5 Ke5 54. c6 1-0

[Event "DVM U16 2024"]
[Site "Sebnitz GER"]
[Date "2024.12.28"]
[Round "3"]
[White "Wolek, Lukas"]
[Black "Sato, Kai Nathan"]
[Result "1/2-1/2"]
[Termination "normal"]
[Board "5.4"]
[WhiteElo "1626"]
[BlackElo "1679"]
[WhiteTeam "SK Blauer Springer Paderborn 1926"]
[BlackTeam "USV TU Dresden"]
[PlyCount "81"]
[WhiteFideId "34689796"]
[BlackFideId "34605630"]
[EventCountry "GER"]
[EventRounds "7"]
[EventType "team-swiss"]
[EventDate "2024.12.26"]

1. e4 e5 2. Nf3 Nc6 3. Bb5 Nf6 4. d3 d6 5. c3 Bd7 6. O-O Be7 7. Re1 O-O 8. Nbd2
a6 9. Ba4 b5 10. Bc2 Bg4 11. h3 Bh5 12. Nf1 d5 13. Qe2 dxe4 14. dxe4 h6 15. Ng3
Bg6 16. Nh4 Bd6 17. Nhf5 Ne7 18. Ne3 Qd7 19. Bd2 Rad8 20. Rad1 Qc6 21. Ng4 Nxg4
22. hxg4 Bc5 23. Nf5 f6 24. Be3 Nxf5 25. gxf5 Bf7 26. Rxd8 Rxd8 27. Qg4 Bxe3
28. Rxe3 Rd7 29. Rg3 Be8 30. Bb3+ Kh8 31. Be6 Re7 32. Qh3 Bf7 33. Bxf7 Rxf7 34.
Qh5 Qd7 35. Qe2 Qd8 36. Rd3 Rd7 37. Rxd7 Qxd7 38. Kf1 Kg8 39. Ke1 Kf8 40. Qe3
Qc6 41. Qd3 1/2-1/2

[Event "DVM U16 2024"]
[Site "Sebnitz GER"]
[Date "2024.12.28"]
[Round "3"]
[White "Zhang, Yibo"]
[Black "Haubold, Sebastian"]
[Result "0-1"]
[Termination "normal"]
[Board "6.1"]
[WhiteElo "1982"]
[BlackElo "2163"]
[WhiteTeam "SV Stuttgart-Wolfbusch 1956"]
[BlackTeam "USC Magdeburg"]
[PlyCount "70"]
[WhiteFideId "16287657"]
[BlackFideId "16259637"]
[EventCountry "GER"]
[EventRounds "7"]
[EventType "team-swiss"]
[EventDate "2024.12.26"]

1. e4 e5 2. Nf3 Nc6 3. Bb5 a6 4. Ba4 Nf6 5. O-O Be7 6. Re1 b5 7. Bb3 O-O 8. a4
Bb7 9. d3 d6 10. Nbd2 Na5 11. Ba2 c5 12. Nf1 Bc8 13. c3 Be6 14. Bxe6 fxe6 15.
d4 exd4 16. cxd4 c4 17. axb5 axb5 18. e5 Nd5 19. exd6 Qxd6 20. Ng3 Nb3 21. Rxa8
Rxa8 22. Ne4 Qb4 23. Qe2 Nxc1 24. Rxc1 Nf4 25. Qe3 Rf8 26. Rb1 Nd5 27. Qc1 Qb3
28. Nc3 Nf4 29. Qe3 b4 30. Nd2 Qc2 31. Ne2 c3 32. bxc3 bxc3 33. Nxf4 cxd2 34.
Qd3 Qc1+ 35. Qf1 Qxf1+ 0-1

[Event "DVM U16 2024"]
[Site "Sebnitz GER"]
[Date "2024.12.28"]
[Round "3"]
[White "Haubold, Christian"]
[Black "Farin, Kai"]
[Result "1/2-1/2"]
[Termination "normal"]
[Board "6.2"]
[WhiteElo "2074"]
[BlackElo "1727"]
[WhiteTeam "USC Magdeburg"]
[BlackTeam "SV Stuttgart-Wolfbusch 1956"]
[PlyCount "105"]
[WhiteFideId "16259629"]
[BlackFideId "34628312"]
[EventCountry "GER"]
[EventRounds "7"]
[EventType "team-swiss"]
[EventDate "2024.12.26"]

1. e4 e5 2. Nf3 Nf6 3. Nxe5 Qe7 4. d4 Nc6 5. Nxc6 Qxe4+ 6. Qe2 Qxe2+ 7. Bxe2
dxc6 8. O-O Be6 9. c4 O-O-O 10. Rd1 h6 11. Nc3 Bb4 12. f3 Rhe8 13. a3 Bxc3 14.
bxc3 Bf5 15. Ra2 Re7 16. Kf2 Rde8 17. h4 Nd7 18. g4 Bh7 19. c5 Nb8 20. Bf4 f6
21. h5 Nd7 22. Rb2 Nf8 23. Ra1 Ne6 24. Bc1 Ng5 25. Bxg5 fxg5 26. a4 Re3 27. Ra3
Bd3 28. Bxd3 Rxd3 29. Re2 Rf8 30. Re3 Rxe3 31. Kxe3 Re8+ 32. Kf2 b6 33. cxb6
cxb6 34. c4 Kc7 35. a5 a6 36. axb6+ Kxb6 37. Rb3+ Kc7 38. c5 a5 39. Ra3 Ra8 40.
Ke3 Kd7 41. Kd3 Ke6 42. Kc4 a4 43. Re3+ Kd7 44. Kb4 Ra7 45. Ka3 Ra8 46. Re2 Ra7
47. Re4 Ra8 48. Re5 Ra7 49. Re2 Ra8 50. Re3 Ra7 51. Re4 Ra8 52. Re3 Ra7 53. Re4
1/2-1/2

[Event "DVM U16 2024"]
[Site "Sebnitz GER"]
[Date "2024.12.28"]
[Round "3"]
[White "Marinin, Georgii"]
[Black "Kuhlmann, Nils Magnus"]
[Result "1-0"]
[Termination "normal"]
[Board "6.3"]
[WhiteElo "1747"]
[BlackElo "1796"]
[WhiteTeam "SV Stuttgart-Wolfbusch 1956"]
[BlackTeam "USC Magdeburg"]
[PlyCount "69"]
[WhiteFideId "34617140"]
[BlackFideId "16287177"]
[EventCountry "GER"]
[EventRounds "7"]
[EventType "team-swiss"]
[EventDate "2024.12.26"]

1. d4 d5 2. Nf3 Nf6 3. g3 c6 4. Bg2 e6 5. O-O Nbd7 6. b3 Bd6 7. Bb2 Ne4 8. c4
O-O 9. Nc3 Nxc3 10. Bxc3 b5 11. Nd2 Qc7 12. Rc1 b4 13. Bb2 Qa5 14. Qc2 Bb7 15.
e4 Rac8 16. Qb1 Ba8 17. Kh1 f5 18. exf5 exf5 19. cxd5 Qa6 20. dxc6 Bxc6 21.
Bxc6 Rxc6 22. Rxc6 Qxc6+ 23. Kg1 Nb6 24. Rc1 Qd7 25. Nc4 f4 26. Qd3 Nd5 27. Ne5
Qe6 28. Re1 fxg3 29. fxg3 Qf6 30. Rf1 Qxf1+ 31. Qxf1 Rxf1+ 32. Kxf1 Bxe5 33.
dxe5 Kf7 34. Ke2 Ke6 35. Kd3 1-0

[Event "DVM U16 2024"]
[Site "Sebnitz GER"]
[Date "2024.12.28"]
[Round "3"]
[White "Ziem, Ole"]
[Black "Friedrich, Timofej"]
[Result "0-1"]
[Termination "normal"]
[Board "6.4"]
[WhiteElo "1630"]
[BlackElo "1698"]
[WhiteTeam "USC Magdeburg"]
[BlackTeam "SV Stuttgart-Wolfbusch 1956"]
[PlyCount "100"]
[WhiteFideId "34624791"]
[BlackFideId "34617191"]
[EventCountry "GER"]
[EventRounds "7"]
[EventType "team-swiss"]
[EventDate "2024.12.26"]

1. e4 c6 2. d4 d5 3. e5 Bf5 4. Nf3 e6 5. Be2 c5 6. c4 Nc6 7. cxd5 exd5 8. Nc3
c4 9. a3 Nge7 10. O-O a6 11. Bg5 h6 12. Be3 Be6 13. b3 b5 14. bxc4 bxc4 15. Rb1
Nf5 16. Qc2 Be7 17. Rfd1 O-O 18. Bxc4 Nxe3 19. fxe3 Na5 20. Bd3 Bxa3 21. Rf1
Nc4 22. Bxc4 dxc4 23. Nd2 a5 24. Rf3 Bb4 25. Nde4 Kh8 26. Rbf1 Bg4 27. Rg3 Bh5
28. Rf4 Bg6 29. Qe2 Bxc3 30. Nxc3 a4 31. Rh3 Bh7 32. Rfh4 Qg5 33. Rg4 Qf5 34.
e4 Qe6 35. Rhg3 Rg8 36. Rh4 a3 37. Rgh3 Rgb8 38. Qa2 Qa6 39. Nd5 Qa7 40. Rxa3
Qxd4+ 41. Ne3 c3 42. Rh3 Qxe5 43. Qc2 Bxe4 44. Qxc3 Rb1+ 45. Kf2 Qf4+ 46. Ke2
Rab8 47. Nd1 Bxg2 48. Rg3 Bf1+ 49. Ke1 Rxd1+ 50. Kxd1 Rb1+ 0-1